000 00556nam a2200205 a 4500
001 23211
003 CO-ViMGA
008 141112s2004 ck r 000 u spa d
020 _a9584209930
040 _aCO-ViMGA
_bspa
_cCO-ViMGA
082 _aU861.44 B252am1
100 1 _aBenedetti, Mario
_96573
245 1 0 _aEl Amor, las mujeres y la vida
260 _aColombia :
_bEspasa Calpe
300 _a192 p.
490 _aBiblioteca HispanoAméricana del siglo XX
650 1 4 _aPOESIA AMOROSA
_92510
650 1 4 _aPOESIA URUGUAYA
_96574
942 _2ddc
_cBK
999 _c11632
_d11632